000 00328nam a2200133Ia 4500
008 240624s9999 xx 000 0 und d
041 _aeng
082 _a613.219 BAL
100 _aBALI KAREN
245 _aHEALTHY FOOD FOR CHILDREN
260 _c2010
_aNew Delhi
_bViva Books
300 _a104 : p. : cm. ; 21
365 _cRS
_b33
999 _c15624
_d15624